Logos de marques par lettre - P - Statistiques

Statistiques générales
  • Ce quiz a été pris 42 044 fois
  • Le résultat moyen est 14 sur 16
Statistiques - réponses
Par images Hint Réponse % Correct
Boisson Pepsi
100%
Sport Puma
100%
Jeux vidéo PlayStation
98%
Finance PayPal
97%
Boisson Perrier
97%
Alimentaire Pringles
95%
Puériculture Pampers
93%
Automobile Porsche
91%
Alimentaire Président
91%
Cinéma Pathé Films
90%
Cinéma Paramount
88%
Alimentaire Picard
84%
Magazine Playboy
78%
Mode Polo Ralph Lauren
77%
Alimentaire Poulain
66%
Mode Patagonia
44%
Aucun quiz correspondant
Distribution des résultats
% des personnes avec chaque résultat
Percentile par nombre de réponses
Votre historique - résultats
Vous n’avez pas pris ce quiz